[Event "European Club Cup 2006"]
[Site "Fuegen AUT"]
[Date "2006.10.12"]
[Round "5.11"]
[White "Inarkiev, Ernesto"]
[Black "Anastasian, Ashot"]
[Result "1/2-1/2"]
[WhiteElo "2628"]
[BlackElo "2580"]
[PlyCount "151"]
[EventDate "2006.10.08"]
[EventType "team"]
[EventRounds "7"]
[EventCountry "AUT"]
[Source "lmi"]
[SourceDate "2006.10.08"]

1. e4 c6 2. d4 d5 3. e5 Bf5 4. Nf3 e6 5. Be2 Nd7 6. O-O Bg6 7. c3 Nh6 8. Bxh6
gxh6 9. Nbd2 f6 10. Nb3 Bg7 11. exf6 Qxf6 12. Ne1 e5 13. dxe5 Qxe5 14. Bg4 Qd6
15. Nd4 Nc5 16. Nf5 Qf6 17. Nxg7+ Qxg7 18. Qe2+ Qe7 19. Qf3 Qe5 20. Rd1 Rf8 21.
Qe2 Qxe2 22. Bxe2 Kf7 23. Nf3 Rfe8 24. Rfe1 Na4 25. Rd2 Re7 26. Bd1 Rxe1+ 27.
Nxe1 Re8 28. Kf1 Nc5 29. f3 a5 30. Kf2 Kf6 31. Be2 h5 32. Nc2 a4 33. Ne3 Ne6
34. a3 Nc5 35. Rd4 b5 36. g3 Ne6 37. Rh4 Rd8 38. Bd1 Nc5 39. Be2 Ne6 40. Bd1 c5
41. Nc2 Ng7 42. Ne1 Ne6 43. Nc2 Ng7 44. Ne1 Nf5 45. Rf4 Ke6 46. Be2 Nd6 47. Nd3
Rc8 48. g4 hxg4 49. fxg4 h6 50. Rf3 Bxd3 51. Bxd3 Rg8 52. Re3+ Kf6 53. Kf3 Nc4
54. Bxc4 bxc4 55. Re2 h5 56. h3 hxg4+ 57. hxg4 Rh8 58. Kf4 Rd8 59. g5+ Kf7 60.
Rc2 Ke6 61. Re2+ Kf7 62. Rc2 Kg6 63. Ke5 Kxg5 64. Rg2+ Kh4 65. Rd2 Rb8 66. Kd6
Kg4 67. Kxc5 Kf4 68. Rxd5 Rxb2 69. Kxc4 Rb3 70. Kd4 Rxa3 71. Ra5 Ra1 72. c4 a3
73. Kc3 Ke4 74. Kb3 Rb1+ 75. Kxa3 Kd4 76. Rb5 1/2-1/2

[Event "European Club Cup 2006"]
[Site "Fuegen AUT"]
[Date "2006.10.12"]
[Round "5.15"]
[White "Sutovsky, Emil"]
[Black "Timofeev, Artyom"]
[Result "1/2-1/2"]
[WhiteElo "2607"]
[BlackElo "2662"]
[PlyCount "45"]
[EventDate "2006.10.08"]
[EventType "team"]
[EventRounds "7"]
[EventCountry "AUT"]
[Source "lmi"]
[SourceDate "2006.10.08"]

1. e4 c5 2. Nf3 d6 3. d4 cxd4 4. Nxd4 Nf6 5. Nc3 Nc6 6. Bg5 e6 7. Qd2 a6 8.
O-O-O Bd7 9. Nxc6 Bxc6 10. Qe1 Qa5 11. f4 Be7 12. Bh4 Qc7 13. Bd3 O-O-O 14. Rf1
Ng4 15. Bxe7 Qxe7 16. Qg3 h5 17. h3 Nf6 18. e5 Nd5 19. Nxd5 Bxd5 20. exd6 Qxd6
21. Qxg7 Qc7 22. Rf2 Rhg8 23. Rff1 1/2-1/2

[Event "European Club Cup 2006"]
[Site "Fuegen AUT"]
[Date "2006.10.12"]
[Round "5.16"]
[White "Filippov, Valerij"]
[Black "Khenkin, Igor"]
[Result "1/2-1/2"]
[WhiteElo "2562"]
[BlackElo "2620"]
[PlyCount "38"]
[EventDate "2006.10.08"]
[EventType "team"]
[EventRounds "7"]
[EventCountry "AUT"]
[Source "lmi"]
[SourceDate "2006.10.08"]

1. Nf3 d5 2. d4 Nf6 3. c4 c6 4. Qc2 e6 5. Nbd2 Nbd7 6. g3 b6 7. Bg2 Bb7 8. O-O
Be7 9. e4 O-O 10. e5 Ne8 11. cxd5 cxd5 12. Re1 Ba6 13. Nf1 Rc8 14. Qd1 Nb8 15.
h4 Nc6 16. Bg5 Bxg5 17. hxg5 Ne7 18. Ne3 Qd7 19. Qd2 Nf5 1/2-1/2

[Event "European Club Cup 2006"]
[Site "Fuegen AUT"]
[Date "2006.10.12"]
[Round "5.19"]
[White "Nisipeanu, Liviu Dieter"]
[Black "Van Wely, Loek"]
[Result "1-0"]
[WhiteElo "2690"]
[BlackElo "2676"]
[PlyCount "129"]
[EventDate "2006.10.08"]
[EventType "team"]
[EventRounds "7"]
[EventCountry "AUT"]
[Source "lmi"]
[SourceDate "2006.10.08"]

1. e4 c5 2. Nf3 Nc6 3. d4 cxd4 4. Nxd4 Nf6 5. Nc3 e5 6. Ndb5 d6 7. Bg5 a6 8.
Na3 b5 9. Nd5 Be7 10. Bxf6 Bxf6 11. c3 Bg5 12. Nc2 O-O 13. a4 bxa4 14. Nce3
Bxe3 15. Nxe3 Rb8 16. Qxa4 Ne7 17. O-O-O Bb7 18. Bd3 Bc6 19. Qa3 Qc7 20. Rd2 f5
21. Bc4+ Kh8 22. Qxd6 Qa5 23. Nc2 Rbe8 24. exf5 Bxg2 25. b4 Qa4 26. Rg1 Bc6 27.
Kb2 Nxf5 28. Qc5 Be4 29. Ra1 Qc6 30. Qxc6 Bxc6 31. Rxa6 Be4 32. Re6 Rxe6 33.
Bxe6 Nh4 34. h3 Nf3 35. Rd6 h5 36. Bd5 Nd2 37. Kc1 Bxd5 38. Rxd5 Ne4 39. Rxe5
Nxc3 40. Kd2 Na4 41. Rxh5+ Kg8 42. Ke3 Rc8 43. Nd4 Rc4 44. b5 Kf7 45. Rf5+ Kg6
46. h4 Nb6 47. h5+ Kh6 48. f4 Rb4 49. Rg5 Kh7 50. Kd3 Na4 51. Rg6 Rb1 52. Rc6
Rd1+ 53. Ke4 Re1+ 54. Kf5 Rb1 55. h6 Rb4 56. Ke5 g6 57. Kd5 Rb1 58. Kc4 Kxh6
59. f5 Rc1+ 60. Kb4 Rxc6 61. bxc6 Nb6 62. Kc5 Nc8 63. f6 Kh7 64. Ne6 Kg8 65.
Ng5 1-0

[Event "European Club Cup 2006"]
[Site "Fuegen AUT"]
[Date "2006.10.12"]
[Round "5.21"]
[White "Pelletier, Yannick"]
[Black "Bauer, Christian"]
[Result "1/2-1/2"]
[WhiteElo "2588"]
[BlackElo "2589"]
[PlyCount "20"]
[EventDate "2006.10.08"]
[EventType "team"]
[EventRounds "7"]
[EventCountry "AUT"]
[Source "lmi"]
[SourceDate "2006.10.08"]

1. d4 d6 2. Nf3 g6 3. e4 Nf6 4. Nc3 Bg7 5. Be2 O-O 6. O-O a6 7. Bf4 Nc6 8. Re1
b5 9. e5 Nd7 10. Bf1 Nb6 1/2-1/2

[Event "European Club Cup 2006"]
[Site "Fuegen AUT"]
[Date "2006.10.12"]
[Round "5.23"]
[White "David, Alberto"]
[Black "Gomez Esteban, Juan Mario"]
[Result "0-1"]
[WhiteElo "2534"]
[BlackElo "2486"]
[PlyCount "76"]
[EventDate "2006.10.08"]
[EventType "team"]
[EventRounds "7"]
[EventCountry "AUT"]
[Source "lmi"]
[SourceDate "2006.10.08"]

1. d4 Nf6 2. c4 e6 3. Nf3 b6 4. g3 Ba6 5. b3 Bb4+ 6. Bd2 Be7 7. Bg2 Bb7 8. Nc3
d5 9. cxd5 exd5 10. Qc2 O-O 11. O-O Na6 12. Rfd1 Qc8 13. Bf4 Rd8 14. Ng5 c5 15.
Bh3 Qc6 16. Nf3 Ne4 17. Rac1 Qe8 18. Be5 cxd4 19. Nb1 Bg5 20. Bf4 Bxf4 21. gxf4
Nb4 22. Qb2 d3 23. exd3 Nc5 24. Qd4 Nc6 25. Qe3 d4 26. Qd2 a5 27. Re1 Qf8 28.
Ne5 Qd6 29. Bf5 Qh6 30. Na3 Nxe5 31. Rxe5 Qc6 32. f3 Qxf3 33. Rf1 Qh1+ 34. Kf2
Qxh2+ 35. Ke1 Qg3+ 36. Kd1 g6 37. Nc4 gxf5 38. Rxf5 Qg4+ 0-1

[Event "European Club Cup 2006"]
[Site "Fuegen AUT"]
[Date "2006.10.12"]
[Round "5.24"]
[White "Argandona Rivero, Inigo"]
[Black "Apicella, Manuel"]
[Result "0-1"]
[WhiteElo "2396"]
[BlackElo "2538"]
[PlyCount "60"]
[EventDate "2006.10.08"]
[EventType "team"]
[EventRounds "7"]
[EventCountry "AUT"]
[Source "lmi"]
[SourceDate "2006.10.08"]

1. d4 e6 2. c4 d5 3. Nc3 c6 4. e4 Bb4 5. Bd2 dxc4 6. Bxc4 Qxd4 7. Qb3 Qb6 8.
Nf3 Nd7 9. O-O Bd6 10. Qd1 Ngf6 11. Rc1 O-O 12. Bb3 a6 13. Bg5 Qc7 14. e5 Nxe5
15. Nxe5 Bxe5 16. f4 Bxc3 17. bxc3 Ne4 18. Bh4 f5 19. Rf3 c5 20. Rh3 Qxf4 21.
Rc2 Qc7 22. Rc1 b5 23. Qh5 g6 24. Qh6 Qg7 25. Qe3 g5 26. Bc2 gxh4 27. Bxe4 fxe4
28. Rxh4 Kh8 29. h3 e5 30. Rxe4 Rg8 0-1

[Event "European Club Cup 2006"]
[Site "Fuegen AUT"]
[Date "2006.10.12"]
[Round "5.25"]
[White "Efimenko, Zahar"]
[Black "Sokolov, Andrei"]
[Result "1/2-1/2"]
[WhiteElo "2612"]
[BlackElo "2580"]
[PlyCount "105"]
[EventDate "2006.10.08"]
[EventType "team"]
[EventRounds "7"]
[EventCountry "AUT"]
[Source "lmi"]
[SourceDate "2006.10.08"]

1. e4 c5 2. Nf3 e6 3. d4 cxd4 4. Nxd4 Nf6 5. Nc3 d6 6. Be2 Be7 7. Be3 O-O 8.
Qd2 Nc6 9. O-O-O d5 10. exd5 exd5 11. f3 Be6 12. g4 Rc8 13. g5 Ne8 14. h4 Nd6
15. f4 Nxd4 16. Bxd4 Nf5 17. Kb1 Nxd4 18. Qxd4 Bc5 19. Qa4 d4 20. Ne4 Bd5 21.
Bf3 Bb6 22. h5 Qe8 23. Qxe8 Rfxe8 24. Nf6+ gxf6 25. Bxd5 fxg5 26. fxg5 Re5 27.
Bxb7 Rc7 28. Ba6 Rxg5 29. b4 h6 30. a4 Rc6 31. Rde1 Kg7 32. Re8 Re6 33. Rc8 Ba5
34. Bc4 Rb6 35. b5 Rf6 36. Ra8 Bb6 37. a5 Bxa5 38. Rxa7 Bb6 39. Rb7 Rc5 40.
Bxf7 Rxf7 41. Rxb6 Rff5 42. Rg1+ Kf7 43. Rb7+ Ke6 44. Rg6+ Kd5 45. Rxh6 Kc4 46.
Rc6 Rxh5 47. Kb2 Kb4 48. Rxc5 Kxc5 49. Rb8 Rh3 50. b6 Kc6 51. b7 Kc7 52. Rd8
Kxb7 53. Rxd4 1/2-1/2

[Event "European Club Cup 2006"]
[Site "Fuegen AUT"]
[Date "2006.10.12"]
[Round "5.26"]
[White "Riff, Jean Noel"]
[Black "Areshchenko, Alexander"]
[Result "1/2-1/2"]
[WhiteElo "2445"]
[BlackElo "2640"]
[PlyCount "74"]
[EventDate "2006.10.08"]
[EventType "team"]
[EventRounds "7"]
[EventCountry "AUT"]
[Source "lmi"]
[SourceDate "2006.10.08"]

1. e4 c5 2. Nf3 d6 3. d4 cxd4 4. Nxd4 Nf6 5. Nc3 a6 6. Be2 e5 7. Nb3 Be7 8. O-O
O-O 9. Kh1 b6 10. Nd5 Nxd5 11. Qxd5 Qc7 12. Be3 Bb7 13. Qd3 Nd7 14. f3 Rac8 15.
c4 a5 16. a4 Rfd8 17. Nc1 Nc5 18. Qd1 Qd7 19. Nd3 Bc6 20. Nxc5 dxc5 21. Qxd7
Rxd7 22. b3 h6 23. Rfd1 Bg5 24. Rxd7 Bxd7 25. Rd1 Bc6 26. Bf2 h5 27. Bd3 h4 28.
Bc2 Kf8 29. Kg1 Ke7 30. Kf1 Rh8 31. g4 h3 32. Bg3 Ke6 33. Ke2 Bf4 34. Kf2 g6
35. Bb1 Ke7 36. Bc2 Bb7 37. Bb1 g5 1/2-1/2

[Event "European Club Cup 2006"]
[Site "Fuegen AUT"]
[Date "2006.10.12"]
[Round "5.27"]
[White "Hracek, Zbynek"]
[Black "Hort, Vlastimil"]
[Result "1/2-1/2"]
[WhiteElo "2614"]
[BlackElo "2501"]
[PlyCount "45"]
[EventDate "2006.10.08"]
[EventType "team"]
[EventRounds "7"]
[EventCountry "AUT"]
[Source "lmi"]
[SourceDate "2006.10.08"]

1. e4 c6 2. d4 d5 3. e5 Bf5 4. Nf3 e6 5. Be2 Ne7 6. O-O h6 7. Nbd2 Bh7 8. Nb3
Nd7 9. Bd2 Ng6 10. Be3 Be7 11. g3 Qc7 12. Qd2 O-O 13. Ne1 Rfe8 14. f4 c5 15. c3
Rac8 16. Nf3 Bf8 17. g4 cxd4 18. Nfxd4 a6 19. a4 Nb6 20. Na5 Nd7 21. Nab3 Nb6
22. Na5 Nd7 23. Nab3 1/2-1/2

[Event "European Club Cup 2006"]
[Site "Fuegen AUT"]
[Date "2006.10.12"]
[Round "5.28"]
[White "Volke, Karsten"]
[Black "Babula, Vlastimil"]
[Result "1-0"]
[WhiteElo "2478"]
[BlackElo "2584"]
[PlyCount "67"]
[EventDate "2006.10.08"]
[EventType "team"]
[EventRounds "7"]
[EventCountry "AUT"]
[Source "lmi"]
[SourceDate "2006.10.08"]

1. d4 Nf6 2. c4 e6 3. Nc3 Bb4 4. Qc2 d5 5. cxd5 exd5 6. Bg5 c5 7. a3 Bxc3+ 8.
bxc3 O-O 9. e3 Nbd7 10. Bd3 Qa5 11. Ne2 cxd4 12. exd4 h6 13. Bf4 Qd8 14. O-O
Nb6 15. a4 Nc4 16. Bg3 b6 17. Bh4 Ba6 18. Rfe1 g5 19. Bg3 Re8 20. h4 Ne4 21.
Bxc4 Bxc4 22. f3 Bxe2 23. fxe4 Bc4 24. e5 Qd7 25. Re3 Qg4 26. hxg5 hxg5 27. Bf2
Re6 28. Rae1 Rae8 29. Rg3 Qh5 30. Qf5 Qh7 31. Rxg5+ Rg6 32. Re3 Ree6 33. Rh3
Qg7 34. Rxg6 1-0

[Event "European Club Cup 2006"]
[Site "Fuegen AUT"]
[Date "2006.10.12"]
[Round "5.30"]
[White "Kuehn, Peter"]
[Black "Fish, Gennadij"]
[Result "1/2-1/2"]
[WhiteElo "2384"]
[BlackElo "2529"]
[PlyCount "126"]
[EventDate "2006.10.08"]
[EventType "team"]
[EventRounds "7"]
[EventCountry "AUT"]
[Source "lmi"]
[SourceDate "2006.10.08"]

1. d4 Nf6 2. Nf3 e6 3. Bg5 c5 4. c3 Be7 5. Nbd2 b6 6. e4 O-O 7. Bd3 Ba6 8. Bxa6
Nxa6 9. Qe2 Nc7 10. O-O d5 11. exd5 Nfxd5 12. Bxe7 Qxe7 13. dxc5 Qxc5 14. Ne4
Qe7 15. c4 Nf4 16. Qe3 e5 17. Rfd1 Rad8 18. Nc3 f6 19. g3 Nfe6 20. Rxd8 Rxd8
21. Rd1 Rxd1+ 22. Nxd1 Qb4 23. b3 Qc5 24. Qe4 Qd6 25. Nc3 Nc5 26. Qe2 a5 27.
Qd2 Qxd2 28. Nxd2 f5 29. f3 Kf7 30. Kf2 Ke6 31. Ke3 g6 32. Ndb1 Ne8 33. Na3 Nf6
34. Nc2 g5 35. Ne1 h5 36. Ng2 f4+ 37. gxf4 exf4+ 38. Kd4 Kf5 39. h3 Ne6+ 40.
Kd3 Nd7 41. Ne1 Ndc5+ 42. Kd2 Ke5 43. Ne2 Nd4 44. Nc1 Kf5 45. Kc3 Nc6 46. a3 g4
47. hxg4+ hxg4 48. b4 Ne6 49. fxg4+ Kxg4 50. Ncd3 Kg3 51. bxa5 bxa5 52. Kb3 f3
53. Ka4 f2 54. Nxf2 Kxf2 55. Nc2 Ke2 56. Kb5 Ned8 57. Na1 Nd4+ 58. Kxa5 Kd2 59.
Kb6 Kc3 60. a4 N8c6 61. a5 Kb2 62. a6 Kxa1 63. a7 Nxa7 1/2-1/2

[Event "European Club Cup 2006"]
[Site "Fuegen AUT"]
[Date "2006.10.12"]
[Round "5.31"]
[White "Brkic, Ante"]
[Black "Georgiev, Kiril"]
[Result "1/2-1/2"]
[WhiteElo "2541"]
[BlackElo "2680"]
[PlyCount "50"]
[EventDate "2006.10.08"]
[EventType "team"]
[EventRounds "7"]
[EventCountry "AUT"]
[Source "lmi"]
[SourceDate "2006.10.08"]

1. e4 c5 2. Nf3 d6 3. d4 cxd4 4. Nxd4 Nf6 5. Nc3 a6 6. Bg5 e6 7. f4 Qb6 8. Qd2
Qxb2 9. Rb1 Qa3 10. f5 Nc6 11. fxe6 fxe6 12. Nxc6 bxc6 13. e5 dxe5 14. Bxf6
gxf6 15. Ne4 Qxa2 16. Rd1 Be7 17. Be2 O-O 18. O-O Ra7 19. Rf3 Rd7 20. Qh6 Rxd1+
21. Bxd1 Rf7 22. Rg3+ Kh8 23. Qh5 Qd5 24. Qxf7 Qxd1+ 25. Kf2 Qxc2+ 1/2-1/2

[Event "European Club Cup 2006"]
[Site "Fuegen AUT"]
[Date "2006.10.12"]
[Round "5.34"]
[White "Nedev, Trajce"]
[Black "Bogut, Zeljko"]
[Result "1/2-1/2"]
[WhiteElo "2518"]
[BlackElo "2444"]
[PlyCount "59"]
[EventDate "2006.10.08"]
[EventType "team"]
[EventRounds "7"]
[EventCountry "AUT"]
[Source "lmi"]
[SourceDate "2006.10.08"]

1. e4 c5 2. Nf3 Nc6 3. Bb5 d6 4. Bxc6+ bxc6 5. O-O e5 6. c3 Nf6 7. Re1 Be7 8.
d4 cxd4 9. cxd4 exd4 10. Nxd4 Bd7 11. Nc3 O-O 12. Bf4 Re8 13. Qd2 d5 14. exd5
Nxd5 15. Nxd5 cxd5 16. Rac1 Rc8 17. h3 Bf6 18. Rxe8+ Bxe8 19. Rd1 Bd7 20. b3 h6
21. Nf3 Be6 22. Be3 a6 23. Bd4 Be7 24. Be5 Qb6 25. Nd4 Bd7 26. Qe3 Bc5 27. Qf3
Qg6 28. Ne2 Bf5 29. Nf4 Bd7 30. Ne2 1/2-1/2

[Event "European Club Cup 2006"]
[Site "Fuegen AUT"]
[Date "2006.10.12"]
[Round "5.35"]
[White "Zivkovic, Vjekoslav"]
[Black "Jacimovic, Dragoljub"]
[Result "1/2-1/2"]
[WhiteElo "2412"]
[BlackElo "2427"]
[PlyCount "43"]
[EventDate "2006.10.08"]
[EventType "team"]
[EventRounds "7"]
[EventCountry "AUT"]
[Source "lmi"]
[SourceDate "2006.10.08"]

1. e4 e6 2. d4 d5 3. Nc3 Bb4 4. e5 c5 5. a3 Bxc3+ 6. bxc3 Qa5 7. Bd2 Qa4 8. Qg4
g6 9. Qd1 b6 10. Qb1 Ba6 11. Bxa6 Qxa6 12. a4 Nd7 13. Qb5 Qc8 14. Nf3 Ne7 15.
O-O Qc6 16. Qd3 h6 17. Rfb1 Kf8 18. c4 dxc4 19. Qxc4 Kg7 20. dxc5 Qxc5 21. Qd3
Qd5 22. Qa3 1/2-1/2

[Event "European Club Cup 2006"]
[Site "Fuegen AUT"]
[Date "2006.10.12"]
[Round "5.36"]
[White "Stojanovski, Dejan"]
[Black "Rade, Miroslav"]
[Result "1/2-1/2"]
[WhiteElo "2398"]
[BlackElo "2425"]
[PlyCount "48"]
[EventDate "2006.10.08"]
[EventType "team"]
[EventRounds "7"]
[EventCountry "AUT"]
[Source "lmi"]
[SourceDate "2006.10.08"]

1. e4 e5 2. Nf3 Nc6 3. Bb5 a6 4. Bxc6 dxc6 5. Nc3 f6 6. d4 exd4 7. Qxd4 Qxd4 8.
Nxd4 Bd6 9. Nde2 Be6 10. Bf4 O-O-O 11. O-O-O Ne7 12. Bg3 h5 13. Bxd6 cxd6 14.
Nf4 Bf7 15. h4 Ng8 16. Nce2 Nh6 17. f3 Rhe8 18. Ng3 Re5 19. b3 Kc7 20. Kb2 a5
21. Nd3 Re7 22. Nf4 Re5 23. Nd3 Re7 24. Nf4 Re5 1/2-1/2

[Event "European Club Cup 2006"]
[Site "Fuegen AUT"]
[Date "2006.10.12"]
[Round "5.37"]
[White "Movsesian, Sergei"]
[Black "Agrest, Evgenij"]
[Result "1-0"]
[WhiteElo "2637"]
[BlackElo "2557"]
[PlyCount "85"]
[EventDate "2006.10.08"]
[EventType "team"]
[EventRounds "7"]
[EventCountry "AUT"]
[Source "lmi"]
[SourceDate "2006.10.08"]

1. e4 c5 2. d3 Nc6 3. g3 d5 4. Nd2 Nf6 5. Bg2 Bg4 6. Ne2 e5 7. h3 Be6 8. f4
dxe4 9. dxe4 g6 10. O-O Bg7 11. f5 gxf5 12. exf5 Bd5 13. Nc3 Bxg2 14. Kxg2 O-O
15. Nce4 Nxe4 16. Nxe4 Qxd1 17. Rxd1 Rfd8 18. Rxd8+ Rxd8 19. Be3 b6 20. g4 f6
21. c3 Kf7 22. Rf1 Ne7 23. h4 Rd3 24. Bc1 Nc8 25. g5 Nd6 26. Nxd6+ Rxd6 27. Kf3
Rd3+ 28. Be3 c4 29. Rf2 fxg5 30. hxg5 h6 31. g6+ Kf6 32. Ke4 Rd1 33. Rh2 Bf8
34. Bf2 Kg7 35. Bh4 Bd6 36. Rg2 Rf1 37. f6+ Kg8 38. Kd5 Bc5 39. Ke6 Rf3 40. Rd2
Rd3 41. f7+ Kg7 42. Rxd3 cxd3 43. Be7 1-0

[Event "European Club Cup 2006"]
[Site "Fuegen AUT"]
[Date "2006.10.12"]
[Round "5.38"]
[White "Berg, Emanuel"]
[Black "Laznicka, Viktor"]
[Result "0-1"]
[WhiteElo "2582"]
[BlackElo "2596"]
[PlyCount "120"]
[EventDate "2006.10.08"]
[EventType "team"]
[EventRounds "7"]
[EventCountry "AUT"]
[Source "lmi"]
[SourceDate "2006.10.08"]

1. e4 e6 2. d4 d5 3. Nc3 dxe4 4. Nxe4 Nd7 5. Nf3 Ngf6 6. Nxf6+ Nxf6 7. c3 c5 8.
Ne5 a6 9. Bg5 Qc7 10. Qa4+ Nd7 11. Bf4 Bd6 12. Be2 cxd4 13. cxd4 O-O 14. Rc1
Qb8 15. Qa5 b6 16. Qc3 Nf6 17. Bf3 Bb7 18. Nd7 Nxd7 19. Bxd6 Qxd6 20. Bxb7 Ra7
21. Bf3 Nf6 22. O-O Rd8 23. Rfd1 g6 24. a3 Rad7 25. Qc4 a5 26. Qb5 Rc7 27. g3
Rdc8 28. Rxc7 Rxc7 29. Qe5 Qxe5 30. dxe5 Nd7 31. Be2 Nxe5 32. Rd6 Rc2 33. Kf1
Rc6 34. Rd8+ Kg7 35. b4 axb4 36. axb4 Kf6 37. b5 Rc1+ 38. Kg2 Ke7 39. Rh8 h5
40. Rb8 Nd7 41. Rb7 Kd6 42. Ra7 Rc7 43. Ra6 Kc5 44. Kf3 Nf6 45. Ra2 Nd5 46.
Rc2+ Kd4 47. Rd2+ Ke5 48. Kg2 Nc3 49. Bf1 Ne4 50. Ra2 Kd5 51. h4 e5 52. Bd3 Nc3
53. Rc2 e4 54. Bf1 Ke5 55. Rc1 Nxb5 56. Rb1 Nd4 57. Rxb6 Rc2 58. Kg1 e3 59. f4+
Ke4 60. Bg2+ Nf3+ 0-1

[Event "European Club Cup 2006"]
[Site "Fuegen AUT"]
[Date "2006.10.12"]
[Round "5.39"]
[White "Heberla, Bartlomiej"]
[Black "Carlsson, Pontus"]
[Result "1-0"]
[WhiteElo "2569"]
[BlackElo "2461"]
[PlyCount "97"]
[EventDate "2006.10.08"]
[EventType "team"]
[EventRounds "7"]
[EventCountry "AUT"]
[Source "lmi"]
[SourceDate "2006.10.08"]

1. e4 e6 2. d4 d5 3. Nc3 Nf6 4. e5 Nfd7 5. f4 c5 6. Nf3 Nc6 7. Be3 a6 8. Qd2 b5
9. dxc5 Bxc5 10. Bxc5 Nxc5 11. Qf2 Qb6 12. b4 Nxb4 13. Rb1 d4 14. Nxd4 Qa5 15.
Qd2 Nxa2 16. Nd1 Qxd2+ 17. Kxd2 Ne4+ 18. Kd3 Bb7 19. Rb2 Bd5 20. Ke3 Nac3 21.
Bd3 Nxd1+ 22. Rxd1 Nc3 23. Ra1 Bxg2 24. Rg1 Bd5 25. Kd2 Ne4+ 26. Ke3 Nc3 27.
Kd2 Na4 28. Rb4 Kf8 29. c4 bxc4 30. Bxc4 Bxc4 31. Rxc4 Nb6 32. Rc6 Nd5 33. f5
Ne7 34. Rd6 Nxf5 35. Nxf5 exf5 36. Rd7 Ke8 37. Rb7 Rd8+ 38. Ke3 Rd7 39. Rb8+
Rd8 40. Rb7 Kf8 41. e6 fxe6 42. Rgxg7 h5 43. Kf4 Rd4+ 44. Ke5 Re4+ 45. Kf6 Rh6+
46. Kg5 Rh8 47. h3 Rc4 48. Kg6 Rc8 49. Rgf7+ 1-0

[Event "European Club Cup 2006"]
[Site "Fuegen AUT"]
[Date "2006.10.12"]
[Round "5.41"]
[White "Bernasek, Jan"]
[Black "Lindberg, Bosse"]
[Result "1-0"]
[WhiteElo "2470"]
[BlackElo "2392"]
[PlyCount "117"]
[EventDate "2006.10.08"]
[EventType "team"]
[EventRounds "7"]
[EventCountry "AUT"]
[Source "lmi"]
[SourceDate "2006.10.08"]

1. d4 Nf6 2. c4 e6 3. Bg5 h6 4. Bh4 c5 5. d5 exd5 6. cxd5 d6 7. Nc3 Be7 8. Nf3
O-O 9. e3 Nbd7 10. Be2 a6 11. a4 b6 12. h3 Bb7 13. Bg3 Re8 14. O-O Bf8 15. Qd3
Rc8 16. b3 g6 17. Rac1 Rb8 18. Qc2 b5 19. axb5 axb5 20. Nxb5 Ne4 21. Bf4 Ndf6
22. Bc4 Nxd5 23. Bh2 Nb4 24. Qe2 Ra8 25. Ra1 Qf6 26. Ra4 Rxa4 27. bxa4 Ra8 28.
Bb3 Bc6 29. Rc1 Rb8 30. Bc4 Ra8 31. Bb3 Ra5 32. Bf4 g5 33. Bh2 Qg6 34. Qd1 Qf6
35. Qe2 Bg7 36. Nd2 Qb2 37. Rd1 Bxb5 38. Qf3 c4 39. Bxc4 Bxc4 40. Nxc4 Qxf2+
41. Qxf2 Nxf2 42. Kxf2 Rxa4 43. Nxd6 Ra2+ 44. Kf3 h5 45. Nf5 Nc2 46. Bd6 Bc3
47. Be7 Ne1+ 48. Ke4 f6 49. Rc1 Ra5 50. Bd6 Bd2 51. Rc8+ Kh7 52. Rc7+ Kh8 53.
g4 hxg4 54. hxg4 Ra4+ 55. Kd5 Rxg4 56. Ke6 Nf3 57. Kxf6 Bb4 58. Ne7 Nh4 59.
Ng6+ 1-0

[Event "European Club Cup 2006"]
[Site "Fuegen AUT"]
[Date "2006.10.12"]
[Round "5.42"]
[White "Couso, Luis"]
[Black "Stehno, Pavel"]
[Result "1/2-1/2"]
[WhiteElo "2294"]
[BlackElo "2273"]
[PlyCount "46"]
[EventDate "2006.10.08"]
[EventType "team"]
[EventRounds "7"]
[EventCountry "AUT"]
[Source "lmi"]
[SourceDate "2006.10.08"]

1. e4 c5 2. Nf3 Nc6 3. d4 cxd4 4. Nxd4 Nf6 5. Nc3 e5 6. Ndb5 d6 7. Bg5 a6 8.
Na3 b5 9. Nd5 Be7 10. Bxf6 Bxf6 11. c3 Bg5 12. Nc2 Rb8 13. a4 bxa4 14. Ncb4 Bd7
15. Bxa6 Nxb4 16. Nxb4 Qa5 17. Qxd6 Rb6 18. Qd3 Be7 19. Nd5 Rxb2 20. O-O Qc5
21. Rab1 Rxb1 22. Rxb1 O-O 23. Bb5 Be8 1/2-1/2

[Event "European Club Cup 2006"]
[Site "Fuegen AUT"]
[Date "2006.10.12"]
[Round "5.43"]
[White "Ruck, Robert"]
[Black "Fedorov, Alexei"]
[Result "1/2-1/2"]
[WhiteElo "2526"]
[BlackElo "2617"]
[PlyCount "59"]
[EventDate "2006.10.08"]
[EventType "team"]
[EventRounds "7"]
[EventCountry "AUT"]
[Source "lmi"]
[SourceDate "2006.10.08"]

1. Nf3 Nf6 2. c4 g6 3. d4 Bg7 4. g3 O-O 5. Bg2 d6 6. O-O Nc6 7. Nc3 a6 8. b3
Rb8 9. Nd5 e6 10. Nxf6+ Qxf6 11. Bg5 Qf5 12. Qd2 Nxd4 13. Nxd4 Bxd4 14. Qxd4
Qxg5 15. Qa7 Bd7 16. Bxb7 a5 17. Rad1 Rfd8 18. Rd3 Kf8 19. Rfd1 Ke7 20. Bc6 Rb6
21. Bb5 Qc5 22. Qxa5 Bxb5 23. cxb5 Rxb5 24. Qd2 Qa7 25. Rc1 Rf5 26. e4 Re5 27.
Rc4 Rd7 28. h4 Kf8 29. b4 f5 30. exf5 1/2-1/2

[Event "European Club Cup 2006"]
[Site "Fuegen AUT"]
[Date "2006.10.12"]
[Round "5.44"]
[White "Azarov, Sergei"]
[Black "Nijboer, Friso"]
[Result "1/2-1/2"]
[WhiteElo "2565"]
[BlackElo "2641"]
[PlyCount "76"]
[EventDate "2006.10.08"]
[EventType "team"]
[EventRounds "7"]
[EventCountry "AUT"]
[Source "lmi"]
[SourceDate "2006.10.08"]

1. e4 c5 2. Nf3 Nc6 3. d4 cxd4 4. Nxd4 Nf6 5. Nc3 d6 6. Bc4 Qb6 7. Nb3 e6 8.
Bf4 Ne5 9. Be2 Bd7 10. Be3 Qc7 11. Qd4 Be7 12. f4 Ng6 13. Nb5 Qb8 14. Nc3 e5
15. Qd2 exf4 16. Bxf4 Nxf4 17. Qxf4 O-O 18. Nd4 Qd8 19. g4 d5 20. e5 Ne4 21.
Nxe4 dxe4 22. Qxe4 Bh4+ 23. Kf1 Qb6 24. Kg2 Rae8 25. Rhf1 Qc5 26. Bd3 g6 27. b4
Qc7 28. Nf3 Bc6 29. Qf4 Qxe5 30. Qxe5 Rxe5 31. b5 Bxf3+ 32. Rxf3 h5 33. gxh5
Rxh5 34. a4 Kg7 35. a5 Bd8 36. Ra4 Rg5+ 37. Kf1 Re5 38. Re4 Rxe4 1/2-1/2

[Event "European Club Cup 2006"]
[Site "Fuegen AUT"]
[Date "2006.10.12"]
[Round "5.45"]
[White "Goloshchapov, Alexander"]
[Black "Zhigalko, Andrey"]
[Result "1/2-1/2"]
[WhiteElo "2552"]
[BlackElo "2532"]
[PlyCount "128"]
[EventDate "2006.10.08"]
[EventType "team"]
[EventRounds "7"]
[EventCountry "AUT"]
[Source "lmi"]
[SourceDate "2006.10.08"]

1. e4 c5 2. Nf3 d6 3. d4 cxd4 4. Nxd4 Nf6 5. Nc3 a6 6. Be3 e6 7. f3 b5 8. g4 h6
9. Qd2 b4 10. Nce2 e5 11. Nb3 Nc6 12. O-O-O a5 13. Kb1 a4 14. Nbc1 Be6 15. Ng3
Qa5 16. Qe2 Qc7 17. Qb5 Nd7 18. h4 b3 19. Rh2 bxa2+ 20. Ka1 Nc5 21. Rhd2 Rb8
22. Qe2 Qb7 23. c3 Nb3+ 24. Nxb3 Bxb3 25. Re1 Na5 26. Qa6 Qxa6 27. Bxa6 Kd7 28.
f4 exf4 29. Bxf4 Be6 30. Rd5 Bxd5 31. exd5 g5 32. hxg5 hxg5 33. Bxg5 Rh2 34.
Ne2 Bh6 35. Bf6 Nb3+ 36. Kxa2 Bd2 37. Rd1 Be3 38. Ka3 Nc5 39. Bc4 Rg2 40. Bd4
Bxd4 41. Rxd4 Ke7 42. Rf4 Rg8 43. Nd4 R8xg4 44. Rf3 Rg1 45. Nf5+ Kd7 46. Ne3
Rg7 47. Bb5+ Kc7 48. Nc4 R1g5 49. Re3 f6 50. Bc6 Rg4 51. Bb5 Re4 52. Rh3 Nd7
53. Rh6 Nb6 54. Nxb6 Kxb6 55. Bxa4 Ra7 56. b3 Kc5 57. b4+ Kxd5 58. Kb3 f5 59.
Rf6 f4 60. Bb5 Rc7 61. Bd3 Re3 62. Kc2 Ke5 63. Rf5+ Ke6 64. Rxf4 Rg3 1/2-1/2